000 00537nam a2200157Ia 4500
005 20250923145047.0
008 008 250917s9999 xx 000 0 eng d
037 _aTextual
040 _aDSWL
_beng
_cDSWL
041 _aeng
_2eng
084 _aY131-33t2.N63
_qDSWL
245 0 _aReport of the rural-urban relationip committee
_cby Ministry of Health & Family planning
260 _aNew Delhi
_b Govt. of India Ministry of Health & Family planning
_c1966
942 _cTEXL
_hY131-33t2.N63
999 _c1446600
_d1446600